[Event "47th GER-ch Blitz 2020"]
[Site "Magdeburg"]
[Date "2020.08.15"]
[Round "8.12"]
[White "Voege, Tobias"]
[Black "Barzen, Pascal"]
[Result "1/2-1/2"]
[WhiteElo "2326"]
[BlackElo "2321"]
[Annotator "TA"]
[PlyCount "55"]
[EventDate "2020.07.28"]
[EventType "tourn"]
[EventCountry "GER"]
[SourceTitle "playchess.com"]
[Source "ChessBase"]
[SourceQuality "1"]

{[%evp 13,55,8,15,-15,0,-20,16,0,16,-9,0,0,0,-10,0,-2,72,70,81,75,153,25,23,16,31,33,37,30,73,15,154,-52,218,175,1050,1045,1031,1036,1902,1881,1904,1718,29991,29992]} 1. d4 Nf6 2. c4 e6 3. Nc3 Bb4 4. Nf3 Bxc3+ 5. bxc3 b6 6. Bg5 Bb7 7. e3 d6 8. Bd3 {E12: Queen's Indian: Unusual White 4th moves, 4 a3, 4 Nc3 Bb7 5 a3 and 4 Nc3 Bb7 .} Nbd7 9. Qc2 Qe7 10. O-O {The position is equal.} e5 {[#] And now ...e4 would win.} 11. Nd2 h6 12. Bh4 g5 13. Bg3 e4 14. Be2 {[#]} Nf8 $146 (14... O-O-O $11) ({Predecessor:} 14... O-O-O 15. a4 a5 16. Rab1 Rdg8 17. h3 h5 18. Bh2 h4 19. Qd1 g4 20. hxg4 h3 {0-1 (44) Bilsel,S (2000)-Hentges,M (1945) IECG email 1997}) 15. a4 {[%cal Ba2a4,Ba4a5][%mdl 32]} Ng6 16. a5 h5 (16... O-O $142) 17. f3 (17. axb6 $16 h4 18. bxa7 hxg3 19. Qa4+ (19. fxg3 O-O $16) (19. hxg3 Qf8 $11) 19... Kf8 20. fxg3) 17... h4 $11 18. Be1 exf3 19. Bxf3 Bxf3 20. Nxf3 {Threatens to win with axb6.} g4 21. Nd2 (21. Nxh4 $16 Nxh4 22. axb6 cxb6 23. Bxh4 Rxh4 24. Rxf6 Qxe3+ 25. Rf2) 21... g3 ({But not} 21... Qxe3+ $2 22. Bf2 $18) (21... O-O $1 $11 {keeps the balance.}) 22. h3 $2 ({White should try} 22. hxg3 $16 {Strongly threatening axb6.} Ng4 23. Rf3) 22... Qxe3+ $2 {[%mdl 8192] Now Black is done in.} (22... O-O $1 $15 {keeps the upper hand.}) 23. Kh1 $18 Qg5 $2 (23... Nh5) 24. Ne4 Nxe4 25. Qxe4+ {[%mdl 64] Double Attack} Kd7 26. Rxf7+ Ne7 {[#]} 27. Bd2 $1 {[%mdl 512]} d5 (27... Qxd2 28. Qxe7+) 28. cxd5 {[%mdl 32768] Accuracy: White = 53%, Black = 31%. . An unexpected result.} 1/2-1/2

[Event "47th GER-ch Blitz 2020"]
[Site "Magdeburg"]
[Date "2020.08.15"]
[Round "8.13"]
[White "Holtel, Jasper"]
[Black "Baskin, Robert"]
[Result "1-0"]
[WhiteElo "2305"]
[BlackElo "2390"]
[Annotator "TA"]
[PlyCount "69"]
[EventDate "2020.07.28"]
[EventType "tourn"]
[EventCountry "GER"]
[SourceTitle "playchess.com"]
[Source "ChessBase"]
[SourceQuality "1"]

{[%evp 12,69,10,-15,16,-57,28,-11,72,76,85,91,90,64,62,55,42,48,50,27,41,11,0,-114,-129,-102,-103,-158,-106,-156,-158,-158,-156,-175,-175,-204,-195,-196,-200,-223,-216,-233,-52,-69,-37,-31,-27,-39,-39,-45,0,0,0,0,0,0,788,784,880,866]} 1. e4 d6 2. d4 Nf6 3. Nc3 g6 4. f4 Bg7 5. e5 dxe5 6. fxe5 Nd5 7. Bc4 Be6 {Threatens to win with ...Nxc3. B09: Pirc Defence: Austrian Attack.} (7... Nb6 $5 {[%cal Rb6c4]} 8. Bb5+ Nc6 $11) 8. Qf3 ({White should play} 8. Bxd5 $11 Bxd5 9. Nxd5 Qxd5 10. Qf3) 8... c6 (8... Nb4 $15 9. Bxe6 fxe6) 9. Ne4 {[#]} Bf5 $146 (9... O-O $11) ({Predecessor:} 9... b5 10. Bb3 h6 11. Ne2 Nd7 12. O-O O-O 13. Qg3 Bf5 14. Rxf5 {1-0 (14) Hahmann,M (1866)-Padva,L (1933) Troisdorf 2014}) 10. Ne2 $16 Bxe4 11. Qxe4 e6 12. O-O O-O 13. h4 c5 14. c3 Nc6 15. Bg5 Qb6 16. Kh1 (16. Rf2 {with more complications.} Qxb2 17. Rc1 h6 18. Bf6 Bxf6 19. exf6 Qd2 20. h5) 16... Qxb2 17. Rab1 (17. Rac1 $11) 17... Nxc3 $17 18. Nxc3 Qxc3 {[%mdl 64] Double Attack} 19. dxc5 (19. Rxf7 $142 Rxf7 20. Bxe6 Qxd4 21. Bxf7+ Kxf7 22. Rxb7+ Kg8 23. Qxc6 Qa1+ 24. Kh2 Bxe5+ 25. g3 Qxa2+ 26. Kh3) 19... Qxe5 (19... Rab8 $142 20. Bf6 Bxf6 21. exf6 Qe5) 20. Qxe5 Nxe5 21. Be2 Rfc8 22. Be7 Bf8 23. Bf6 Nd7 24. Rxb7 Nxc5 25. Rb5 Ne4 26. Be5 Bd6 $2 (26... Bg7 $19 {White must now prevent ...Bxe5.} 27. Kh2 Nc3 28. Bxc3 Rxc3) 27. Bf3 $15 Nd2 (27... Rab8 {feels hotter.} 28. Bxe4 Rxb5 29. Bxd6 Rc4 30. Re1 Ra5) 28. Bxd6 Nxf1 29. Bxa8 Rxa8 {[%mdl 4096] Endgame KRB-KRN} 30. Bf4 $1 {aiming for Kg1.} Rd8 {Hoping for ...Rd1.} 31. Rb1 {[#]} e5 $1 32. Bg5 (32. Bxe5 Ne3) 32... Ng3+ 33. Kh2 {[#]} Rd3 $2 {[%mdl 8192] [#]} (33... f6 $1 $11) 34. Bf6 $1 $18 {White wants to mate with Rb8+.} Nf1+ 35. Kg1 {What a bad dream for Black. Accuracy: White = 71%, Black = 59%.} 1-0

[Event "47th GER-ch Blitz 2020"]
[Site "Magdeburg"]
[Date "2020.08.15"]
[Round "8.14"]
[White "Langrock, Hannes"]
[Black "Ehmann, Thilo"]
[Result "0-1"]
[WhiteElo "2346"]
[BlackElo "2329"]
[Annotator "TA"]
[PlyCount "161"]
[EventDate "2020.07.28"]
[EventType "tourn"]
[EventCountry "GER"]
[SourceTitle "playchess.com"]
[Source "ChessBase"]
[SourceQuality "1"]

{[%evp 14,161,42,23,26,16,29,42,57,40,54,57,56,49,56,43,45,50,47,58,61,66,55,27,95,94,110,114,122,112,126,128,134,130,181,177,225,137,137,40,131,137,133,124,123,102,117,115,108,100,108,114,114,92,91,90,98,92,124,96,94,85,86,65,109,105,106,107,99,78,111,0,106,113,438,91,410,297,281,164,355,241,221,0,127,128,190,139,174,0,0,0,166,167,410,139,412,409,385,29,370,57,951,885,3600,2895,12829,5585,12839,12839,12840,12840,12841,12841,12841,12842,12842,12843,12843,12843,12844,12843,12846,12844,29990,12844,12845,12843,12844,0,12845,12844,12846,12846,12847,12847,29987,12845,12846,0,12847,12842,12846,12847,12847,12847,29992,29993,29994,29995]} 1. d4 Nf6 2. c4 g6 3. g3 Bg7 4. Bg2 O-O 5. Nc3 d6 6. Nf3 Nc6 7. O-O a6 8. Bf4 {8.b3 is becoming the main line.} Rb8 {E63: King's Indian: Fianchetto: Panno Variation with 7...a6.} 9. Rc1 Bd7 10. Qd2 Re8 {White is slightly better.} 11. d5 Na5 12. b3 c5 13. dxc6 Nxc6 14. Rfd1 {[#]} Rc8 $146 ({Predecessor:} 14... Qa5 15. h3 Rbc8 16. e4 b5 17. cxb5 axb5 18. Qe2 b4 19. Nd5 Be6 20. Ng5 Bd7 {0-1 (64) Martynkova,O (2173)-Berdnyk,M (2248) Kiev 2018}) 15. Bh6 Bh8 16. Bg5 Bf5 17. Ne1 Qa5 18. Bxf6 exf6 (18... Bxf6 $11 19. Nd5 Bg7) 19. Nd5 $16 Qd8 20. Ne3 Be6 21. Qxd6 Qa5 22. Qd2 Qe5 23. Nd3 Qc7 (23... Qb8 $16 24. Nb4 Ne5) 24. Nc5 $18 Rcd8 25. Nxe6 fxe6 26. Qc2 (26. Qe1 $1 $16) 26... f5 (26... Nd4 $1 $14 27. Qb2 f5) 27. Bxc6 $16 Qxc6 28. Rxd8 Rxd8 29. Rd1 Rd4 30. Rxd4 Bxd4 31. Qd3 Bf6 32. a4 Kf7 33. f3 Be7 34. Kg2 Qb6 35. Nc2 Bd6 36. Qc3 a5 37. Qd3 Ke7 38. Nd4 Be5 39. Nb5 Qc5 40. Qd2 b6 41. Qd3 Ke8 42. Qd2 (42. f4 $16 Qc6+ 43. Qf3 Qxf3+ 44. Kxf3) 42... Qe7 (42... Ke7 $1 $11 {remains equal.}) 43. Qh6 Qf7 $2 {[%mdl 8192]} (43... g5 $16 44. e3 Kd7) 44. h4 $2 (44. Qe3 $18 Bc7 45. Qd4) 44... Kd7 $2 {[%mdl 8192]} (44... f4 $16) 45. Qd2+ Kc6 46. Qe3 (46. f4 $142 Bc7 47. Nd4+ Kb7 48. Qe3) 46... Qf6 $2 (46... Bf6 47. c5 bxc5) 47. Qd3 Qe7 48. Qd2 $2 ({But not} 48. f4 $6 Bg7 $16) ({White should play} 48. c5 $18) 48... Bf6 (48... Qf7 $1 $11) 49. Qe3 e5 (49... Qd7 $16 50. Qf4 Kb7) 50. Qd2 (50. Nc3 $18) 50... Qe6 51. Na7+ Kb7 52. Nb5 $36 {[%mdl 2048] White is more active.} Kc6 $1 {Black is now going downhill.} 53. e4 f4 $2 (53... fxe4 54. fxe4 Qd7 55. Na7+ Kc7 56. Nb5+ Kc6 57. Na7+ Kc7 58. Nb5+ Kc6) 54. Qd5+ $18 Qxd5 55. cxd5+ $16 {[%mdl 4096] Endgame KB-KN} ({Worse is} 55. exd5+ Kc5 $11) 55... Kc5 {[#]} 56. d6 $2 ({White has to play} 56. gxf4 $1 $18 {And now Kg3 would win.} exf4 57. Kh3) 56... Kb4 $2 {[%mdl 8192]} (56... Kc6 $11 {and Black is okay.}) 57. d7 $2 (57. gxf4 $18 exf4 58. Kh3) 57... Kxb3 $2 {[%mdl 8192]} (57... fxg3 $14 58. Kxg3 Kc5) 58. Nd6 Kxa4 {[#]} 59. gxf4 $1 Kb3 60. fxe5 Bxh4 61. e6 a4 62. Nc8 a3 63. e7 Bxe7 64. Nxe7 $18 {KN-KP} a2 65. d8=Q a1=Q 66. Qxb6+ Kc2 67. Qf2+ Kd3 68. Nd5 Qa8 69. Nf4+ (69. Qe3+ $142 Kc2 70. Qe2+ Kb3 71. Qd1+ Kb2 72. Qd2+ Ka1 73. Qc1+ Ka2 74. Qc2+ Ka3 75. Qc3+ Ka2 76. Nb4+ Kb1 77. Qc2+ Ka1 78. Qc1#) 69... Kc3 70. Ne2+ Kd3 71. Nf4+ Kc3 $1 72. Qe3+ Kc2 73. e5 Qd8 74. e6 Qg5+ 75. Kf2 (75. Kf1 $142 Qe7 76. Nd5 Qh4 77. Qf2+ Qxf2+ 78. Kxf2 Kb3 79. Ne3 h5 80. e7) 75... Qh4+ 76. Kg2 {White wants to mate with e7.} Qg5+ 77. Kh3 Qf5+ 78. Kh2 {e7 would kill now.} g5 79. e7 {Intending Qe2+ and mate.} gxf4 80. Qe2+ Kc3 81. e8=Q {[%mdl 32768] Accuracy: White = 67%, Black = 50%. . Loss on time!?} 0-1

[Event "47th GER-ch Blitz 2020"]
[Site "Magdeburg"]
[Date "2020.08.15"]
[Round "8.15"]
[White "Siebrecht, Sebastian"]
[Black "Braun, Georg"]
[Result "0-1"]
[WhiteElo "2429"]
[BlackElo "2360"]
[Annotator "TA"]
[PlyCount "88"]
[EventDate "2020.07.28"]
[EventType "tourn"]
[EventCountry "GER"]
[SourceTitle "playchess.com"]
[Source "ChessBase"]
[SourceQuality "1"]

{[%evp 13,88,23,19,0,10,-5,28,22,27,-32,-12,-25,-1,-6,60,-64,-58,-75,-59,-306,-288,-319,-305,-312,-249,-289,-289,-289,-292,-263,-255,-241,-214,-216,-219,-293,-292,-275,-274,-270,-271,-280,-294,-327,-256,-251,-227,-282,-197,-714,-712,-709,-709,-704,-696,-671,-666,-688,-680,-713,-691,-1011,-1042,-789,-771,-29979,-29980,-29984,-29985,-29984,-29985,-29985,-29985,-29985,-29986,-29986,-29987]} 1. Nf3 c5 2. c4 Nc6 3. Nc3 Nf6 4. g3 d5 5. cxd5 Nxd5 6. Bg2 Nc7 7. d3 e5 8. Be3 {A34: Symmetrical English: 2 Nc3, lines with ...d5.} Rb8 9. Rc1 b6 10. O-O {White has an edge.} Be7 {[#]} 11. Ne4 $146 (11. Qa4 $11 Bd7 12. Nd2) ({Predecessor:} 11. a3 a5 12. Nd2 Nd4 13. Nc4 Bf6 14. Ne4 O-O 15. Nxf6+ Qxf6 16. f4 exf4 17. Rxf4 {½-½ (42) Wildenrath,D-Seidens,U (2233) Germany 2001}) 11... f6 12. a3 a5 13. Nfd2 {[%cal Re4c5]} O-O ({Black should try} 13... Qd7 $11) 14. f4 (14. Nxc5 $1 $14 Bxc5 15. Bxc6) 14... Nd5 $1 $36 {[%cal Rd5e3][%mdl 2048] Black has some pressure.} 15. Nc4 b5 16. Bxc5 $2 {This costs White the game.} ({White has to play} 16. Nc3 $15 Nxc3 17. bxc3) 16... bxc4 $19 17. dxc4 Bxc5+ 18. Nxc5 Nde7 {[#] Threatens to win with ...Qb6.} 19. Qxd8 Rxd8 ({Don't play} 19... Nxd8 20. fxe5 Rxb2 21. exf6 $17) 20. b3 Nd4 21. Kf2 Bg4 22. Nb7 Rd7 ({Much less strong is} 22... Bxe2 23. Rfe1 $17) 23. Nxa5 exf4 24. gxf4 Nxe2 25. Rcd1 Rxd1 26. Rxd1 Nxf4 27. Rd4 g5 28. Bf1 Be6 29. b4 Kf7 30. b5 Ra8 31. b6 $2 (31. Nb7) 31... Rxa5 32. b7 Nc6 33. Rd6 Ra7 34. Rxc6 Rxb7 35. a4 Ke7 36. a5 Kd7 37. Rb6 Rxb6 38. axb6 Kc6 39. h4 Kxb6 {Black mates.} 40. hxg5 fxg5 41. Ke3 Kc5 42. Ke4 Bxc4 43. Bxc4 Kxc4 44. Kf5 {[#]} Ne6 $1 {[%mdl 64] Promotion. Accuracy: White = 44%, Black = 79%.} 0-1

[Event "47th GER-ch Blitz 2020"]
[Site "Magdeburg"]
[Date "2020.08.15"]
[Round "9.1"]
[White "Braun, Georg"]
[Black "Donchenko, Alexander"]
[Result "0-1"]
[WhiteElo "2360"]
[BlackElo "2646"]
[Annotator "TA"]
[PlyCount "104"]
[EventDate "2020.07.28"]
[EventType "tourn"]
[EventCountry "GER"]
[SourceTitle "playchess.com"]
[Source "ChessBase"]
[SourceQuality "1"]

{[%evp 9,104,33,45,48,52,45,52,32,23,8,18,0,0,13,21,0,0,-8,9,0,0,0,0,-22,0,-31,-26,-91,-27,-56,-41,-52,-49,-42,-25,-41,-47,-38,0,-13,0,0,0,0,-10,-14,0,0,0,-40,-40,-40,0,-60,0,-29,-30,-40,0,-18,-6,-12,0,0,0,9,50,0,0,0,-7,-37,-40,-276,-237,-1747,-1451,-2766,-2521,-2402,-2008,-29971,-29972,-29980,-29981,-29981,-29982,-29984,-29985,-29986,-29980,-29980,-29980,-29979,-29980,-29980,-29980]} 1. e4 c6 2. Nc3 d5 3. Nf3 dxe4 4. Nxe4 Nf6 5. Qe2 Bf5 6. Nxf6+ {B11: Caro-Kann: Two Knights Variation.} gxf6 7. d3 c5 $5 {[%mdl 4] [#] Exploring less charted territory.} 8. Be3 $146 {White is slightly better.} ({Predecessor:} 8. h3 Nc6 9. g4 Be6 10. Bg2 Qd7 11. c3 Rd8 12. Be3 h5 13. g5 Qxd3 14. Qxd3 Rxd3 {0-1 (42) Mikes,J (2373)-Donchenko,A (2646) Ceske Budejovice 2020}) 8... Nc6 9. g3 Nd4 10. Bxd4 cxd4 11. Bg2 Qa5+ 12. Qd2 Qxd2+ $1 13. Nxd2 Rc8 14. Nb3 e5 $36 {[%mdl 2048] Black is more active.} 15. O-O-O b6 16. Rhe1 Kd7 17. Kb1 h5 18. h4 {[#]} (18. Be4 $11 {keeps the balance.} Bg4 19. f3) 18... Bd6 ({Black should play} 18... Bg4 $1 $17 {And now ...Bb4 would win.} 19. f3 Be6) 19. Be4 Bg4 20. Rc1 $1 a5 21. a3 Rc7 22. Nd2 b5 23. Bd5 Ke7 (23... Be6 {feels hotter.} 24. Bxe6+ fxe6 25. Re2 a4 26. c4 dxc3 27. Ne4 f5) 24. Ne4 Be6 25. Bxe6 fxe6 26. Re2 Rc6 27. Rf1 a4 28. f4 exf4 29. Nxd6 (29. gxf4 {is interesting.} Rg8 30. f5 Rg4 31. fxe6 Be5 32. Ref2) 29... Rxd6 30. Rxf4 $11 {[%mdl 4096] Endgame KRR-KRR} Rg8 31. Rf3 ({Better is} 31. Rf5 $1 $11) 31... e5 (31... Rd5 $15) 32. Kc1 Rc6 33. Kd2 Rg6 34. c3 {White wants to play cxd4.} dxc3+ 35. bxc3 Kd6 36. Re4 Kd5 37. Rb4 Rb6 38. d4 Rg4 39. dxe5 Rxb4 40. cxb4 fxe5 {KR-KR} 41. Rf5 $2 {[#] This costs White the game.} ({White has to play} 41. Rd3+ $1 $15 Ke4 42. Re3+ Kf5 43. Rd3) 41... Rg6 $19 42. Rxh5 $2 (42. Rf3) 42... Rxg3 43. Rh8 Rxa3 44. Rc8 Kd4 45. Rc5 Ra2+ {Black mates.} 46. Kd1 a3 {[%cal Ba4a3,Ba3a2][%mdl 32]} 47. Rxb5 Rh2 48. Ra5 a2 49. Kc1 Kc3 {[%cal Rh2h1]} 50. Ra3+ Kxb4 51. Ra7 e4 52. h5 e3 {Accuracy: White = 63%, Black = 83%.} 0-1

[Event "47th GER-ch Blitz 2020"]
[Site "Magdeburg"]
[Date "2020.08.15"]
[Round "9.2"]
[White "Ehmann, Thilo"]
[Black "Siebrecht, Sebastian"]
[Result "0-1"]
[WhiteElo "2329"]
[BlackElo "2429"]
[Annotator "TA"]
[PlyCount "76"]
[EventDate "2020.07.28"]
[EventType "tourn"]
[EventCountry "GER"]
[SourceTitle "playchess.com"]
[Source "ChessBase"]
[SourceQuality "1"]

{[%evp 12,75,20,18,75,79,79,79,74,64,74,78,114,81,99,87,99,96,85,68,66,45,63,58,66,52,65,51,55,7,117,114,118,123,118,111,122,8,121,0,0,-63,0,-230,-225,-373,-373,-373,-373,-366,-366,-366,-366,-739,-731,-620,-307,-747,-712,-803,0,0,548,-29998,-29999,-29999]} 1. e4 c5 2. Nf3 e6 3. d4 cxd4 4. Nxd4 a6 5. c4 Qc7 6. a3 Nf6 7. Nc3 g6 {B41: Sicilian: Kan Variation: 5 c4.} (7... Nxe4 $11 8. Nxe4 Qe5) 8. Be2 $16 Bg7 9. O-O O-O {[#] White is better.} 10. Bg5 $146 ({Predecessor:} 10. Be3 d6 11. Qd2 b6 12. Bh6 Bxh6 13. Qf4 Bg5 14. Qxg5 Bb7 15. Qe3 Nbd7 16. Rac1 {½-½ (62) Sychev,K (2563)-Hayrapetyan,H (2458) Moscow 2020}) 10... Re8 11. Qd2 d6 12. Rac1 Nbd7 13. Rfd1 b6 14. f3 Bb7 15. Be3 Rac8 16. Bf1 Qb8 17. b4 Bf8 18. Qf2 d5 19. cxd5 exd5 20. exd5 Rxc3 (20... Qe5 $11 21. Re1 Nxd5) 21. Rxc3 {Nc6 is the strong threat.} Nxd5 22. Rb3 Bd6 23. g3 b5 24. Bc1 ({White should try} 24. Nc2 $16) 24... h5 (24... Bc7 $1 $11 {keeps the balance.}) 25. Rbd3 ({White should play} 25. Bb2 $16) 25... Ne5 $11 26. R3d2 (26. Nb3 $11 Nxd3 27. Rxd3) 26... h4 (26... Bc7 $15 27. Bg2 Bb6) 27. Ne2 $2 (27. Re1 $11 {and White is okay.}) 27... Ne3 $19 28. Qxe3 ({Of course not} 28. Rxd6 Nxd1 29. Rxd1 Nxf3+ 30. Kg2 Qc8) (28. Bg2 {keeps fighting.} Nxd1 29. Rxd1) 28... Nxf3+ {[%mdl 64] [#] Discovered Attack} 29. Qxf3 Bxf3 30. Rxd6 Qa7+ 31. R1d4 {Hoping for Nf4.} Bxe2 32. Bxe2 $2 {[#]} (32. Bg2 Bf3 33. Bxf3 Re1+ {[%mdl 64] Double Attack} 34. Kg2 Rxc1 35. Bd5) 32... Rxe2 33. Bg5 h3 (33... Qb7 $142 {[%csl Ge2][%cal Rb7g2]} 34. R4d5 hxg3 35. hxg3 Qc7) 34. Bf6 $2 (34. Rd7 Qb6 35. Rd8+ Kh7 36. R8d6) 34... Re8 35. Kf1 Qc7 $2 (35... Qb7 $19 {[%csl Gh3][%cal Rb7g2]} 36. R4d5 Qc7) 36. Rd8 $11 Qc1+ $2 {[%mdl 8192]} (36... Kf8 $11) 37. Kf2 $4 {[%mdl 8192]} (37. Rd1 $18 Qc4+ 38. Kg1) 37... Qe3+ 38. Kf1 Qe1# {What a bad dream for White. Accuracy: White = 44%, Black = 60%.} 0-1

[Event "47th GER-ch Blitz 2020"]
[Site "Magdeburg"]
[Date "2020.08.15"]
[Round "9.3"]
[White "Baskin, Robert"]
[Black "Langrock, Hannes"]
[Result "1-0"]
[WhiteElo "2390"]
[BlackElo "2346"]
[Annotator "TA"]
[PlyCount "99"]
[EventDate "2020.07.28"]
[EventType "tourn"]
[EventCountry "GER"]
[SourceTitle "playchess.com"]
[Source "ChessBase"]
[SourceQuality "1"]

{[%evp 15,99,15,29,29,36,28,37,31,35,40,39,49,34,34,56,35,37,32,37,13,23,27,27,24,51,51,50,60,49,41,52,46,90,103,170,157,256,253,277,270,268,277,256,0,439,417,634,594,793,524,910,493,400,-82,-88,-75,-73,-526,-506,-12832,-12832,-29996,0,0,0,-29996,-29997,-29997,-816,-706,153,0,154,145,1168,922,1333,1113,12843,12843,12844,12844,12847,12847,12845,12845]} 1. e4 c5 2. Nf3 e6 3. d4 cxd4 4. Nxd4 Nf6 5. Nc3 Nc6 6. Nxc6 bxc6 7. e5 Nd5 8. Ne4 Bb7 9. Be2 {B45: Sicilian Four Knights.} c5 10. O-O Qc7 11. c4 {White is slightly better.} Ne3 12. Bxe3 Bxe4 13. f4 Be7 14. Bf3 Qc6 {[#]} 15. Qe2 $146 ({Predecessor:} 15. Bxe4 Qxe4 16. Qf3 Qxf3 17. Rxf3 d5 18. exd6 Bxd6 19. Rd1 O-O-O 20. Rd3 Rd7 21. Ra3 {½-½ (33) Mousessian,J (2471)-Finnie,D (2456) ICCF corr 2001}) 15... O-O 16. Rad1 {aiming for Bxe4.} Rfd8 17. Qf2 Bxf3 18. Qxf3 Qxf3 19. Rxf3 d6 20. exd6 $1 Rxd6 21. Rxd6 Bxd6 $14 {[%mdl 4096] Endgame KRB-KRB} 22. Bf2 Rb8 23. Rd3 Bxf4 (23... Rxb2 $2 24. Rxd6 Rb1+ 25. Be1 $18) 24. Bxc5 f6 (24... a5 $16 {might work better.}) 25. b4 $18 a6 (25... Bc7 $16) 26. g3 Bc7 27. Rd7 Be5 28. a4 h5 29. Ra7 $2 (29. Kf2 $18) 29... Rd8 $2 {[%mdl 8192]} (29... Rxb4 $1 $11 {and Black stays safe.} 30. Rxg7+ Kxg7 31. Bxb4 Kf7) 30. Rxa6 Rd2 (30... Kh7 $142 31. Rxe6 Kg6) 31. Rc6 Kh7 32. b5 {[%cal Bb4b5,Bb5b6][%mdl 32]} Kg6 33. b6 Kf5 {White must now prevent ...Ke4.} 34. Bf2 $2 (34. b7 $18) 34... Kg4 {Threatens to win with ...Kf3.} 35. Be1 ({Don't blunder} 35. Rxe6 $2 Kf3 $19) 35... Rb2 {Strongly threatening ...Kf3.} 36. c5 $2 {[%mdl 8192]} ({Much weaker is} 36. Rxe6 Kf3 $11) (36. Kf1 $17) 36... Kf3 $19 {( -> ...Rg2+)} 37. Rxe6 (37. h4 $142 Bd4+ 38. Kh1) 37... Rg2+ 38. Kf1 Rxh2 $2 (38... Bd4 $1 {mates} 39. Bf2 Bxf2 40. Re3+ Bxe3 41. h4 Rg1#) 39. Kg1 $11 Rg2+ 40. Kf1 $2 {[%mdl 8192] [#]} (40. Kh1 $11 Rb2 41. a5) 40... Bd4 $1 {[%csl Gd4][%cal Rg2g1]} 41. Bf2 Rxf2+ {KRB-KR} (41... Bxf2 $142 42. Re3+ Bxe3 43. Ke1 Rg1#) 42. Ke1 $19 Bc3+ $2 (42... Rb2 $19 43. Kd1 Bxc5) 43. Kd1 $11 {[%mdl 1024] And now c6 would win. White has strong compensation.} Rd2+ $2 ({Not} 43... Kxg3 $2 44. Re3+ Rf3 45. Rxf3+ Kxf3 46. c6 $18) (43... Ba5 $1 $11) 44. Kc1 $16 Rd4 $2 {[%mdl 8192] [#]} (44... Rb2 $16) 45. b7 $1 $18 {White is clearly winning.} Rb4 46. Rb6 Rxb6 47. cxb6 Be5 48. a5 {[%cal Ba4a5,Ba5a6,Ba6a7][%mdl 32]} Kxg3 49. a6 h4 50. a7 {A wild game. Accuracy: White = 62%, Black = 45%.} 1-0

[Event "47th GER-ch Blitz 2020"]
[Site "Magdeburg"]
[Date "2020.08.15"]
[Round "9.4"]
[White "Barzen, Pascal"]
[Black "Holtel, Jasper"]
[Result "1-0"]
[WhiteElo "2321"]
[BlackElo "2305"]
[Annotator "TA"]
[PlyCount "112"]
[EventDate "2020.07.28"]
[EventType "tourn"]
[EventCountry "GER"]
[SourceTitle "playchess.com"]
[Source "ChessBase"]
[SourceQuality "1"]

{[%evp 15,112,20,29,-73,-83,-65,-58,-138,-148,-124,-122,-153,-129,-154,-139,-161,-116,-131,-94,-106,-95,-85,-67,-66,-58,-89,-72,-89,-61,-70,-66,-77,-27,-30,-28,-111,-43,-47,-27,-52,-41,-74,-60,-63,0,0,5,-9,0,-7,55,-4,0,0,-9,-18,-7,-129,-126,-115,-120,-120,-100,-124,-79,-78,-79,-66,-60,-60,-60,-60,-60,-359,-60,-159,-60,-60,-22,-60,0,-60,-25,-25,-21,-60,-60,-6428,-6175,-2756,-1902,-29965,-6311,-6195,-5306,-29980,-29981,-29981,-29982]} 1. e4 Nf6 2. e5 Nd5 3. d4 d6 4. Nf3 g6 5. Bc4 Nb6 6. Bb3 Bg7 7. Ng5 e6 {7...e6 is better than 7...d5.} 8. Qf3 O-O 9. Ne4 {B04: Alekhine's Defence: 4 Nf3.} (9. Qh3 $11 {keeps the balance.} h6 10. Nf3) 9... dxe5 $17 10. dxe5 Bxe5 {[#]} 11. Bg5 $146 (11. O-O $15) ({Predecessor:} 11. Nbc3 Nc6 12. Bh6 Nd4 13. Qh3 Bg7 14. Bxg7 Kxg7 15. O-O-O e5 16. Qg3 Qe7 17. h4 {½-½ (35) Chanoine,G (2200)-Vignier,P (2049) Paris 2005}) 11... f6 12. Bc1 Nc6 13. c3 Na5 14. Bc2 f5 15. Nc5 Qd5 16. Qxd5 Nxd5 17. O-O b6 18. Re1 Bg7 19. Nd3 Re8 20. Ne5 Bb7 21. Nd2 Nc6 22. Ndf3 Nxe5 23. Nxe5 Bxe5 24. Rxe5 Kg7 25. a3 (25. Ba4 $11) 25... Nf6 (25... Kf6 $17 26. Re2 e5) 26. f3 $15 Rad8 27. c4 Nd7 28. Re2 Ba6 29. b3 {[%cal Bb2b3,Bb3b4,Bb4b5][%mdl 32]} e5 (29... Nb8 $15) 30. Bb2 $11 Kf7 31. Rae1 Bb7 32. b4 c5 (32... e4 $11) 33. Kf2 (33. Ba4 $14) 33... Rc8 34. Ba4 Bc6 35. b5 Bb7 36. Bxe5 (36. Bc2 $11) 36... Nxe5 $17 37. Rxe5 Rxe5 38. Rxe5 $11 {[%mdl 4096] Endgame KRB-KRB} Rd8 39. Ke2 Kf6 40. Re3 f4 41. Rd3 Rxd3 42. Kxd3 $15 {KB-KB} Ke5 43. Kc3 g5 44. Bc2 $2 {[%mdl 8192] [#]} (44. h3 $15) 44... h6 $2 (44... g4 $1 $19 {[%mdl 512]} 45. Bd1 (45. fxg4 Bxg2) 45... h5) 45. Bd3 {[#]} (45. h3 $15) 45... Bc8 (45... g4 $1 $17 {[%cal Rg4f3][%mdl 512]} 46. Be2 (46. fxg4 Bxg2) 46... h5) 46. h3 Bb7 47. Bc2 Bc8 48. Bd3 h5 49. Bg6 g4 50. hxg4 hxg4 {White must now prevent ...Bb7.} 51. Bh5 $2 {[%mdl 8192] [#]} (51. Be4 $15) 51... g3 $1 $19 52. Kd3 Be6 53. Bg6 {[#]} Bh3 $1 {[%mdl 512]} 54. Ke2 (54. gxh3 g2) 54... Bxg2 55. Bh7 Bh3 56. Bg8 Be6 {[%mdl 32768] Accuracy: White = 41%, Black = 65%. . Loss on time!?} 1-0